000 00787nam a2200229 a 4500
001 52759
003 BD-RjUL
005 20211209075845.0
008 160926s1983 bg ||||| |||| 00| 0 ben d
020 _c: TK 30.00
035 _a(BD-RjUL)52879
040 _aBD-RjUL
_bben
_cBD-RjUL
041 _aben
082 _223
_a808.3
_bKHB 1983
100 _aখাতুন, খোদেজা
_9134751
245 1 0 _aভিনদেশী সেরা গল্প /
_cখোদেজা খাতুন
260 _aঢাকা :
_bনসাস,
_c১৯৮৩
300 _a১৫৬ পৃ. ;
_c২১ সেমি.
650 _aRhetoric of fiction
_9157775
650 _aকথাসাহিত্য অলঙ্কারশাস্ত্র
_9157776
942 _2ddc
_cBK
999 _c52759
_d52759